LEADER 00595naa a2200145 i 4500 001 000000328831 003 CaOOAMICUS 005 20180831173608.0 008 180831n it u000 u ita u 013 $a40463 040 $aSeMil$bita 245 13$a"L'eucaristia centro e forma di vita della Chiesa ". 650 4$aChiesa - Eucaristia.$0(OLS)http://semarc/subject/38105 773 0 $tCarlo Maria Martini.$dMilano : Àncora, 2014.$kDossier teologici del Seminario di Milano$z978-88-514-1389-7$gp.97-114$w()234167 996 $6245$a"L'eucaristia centro e forma di vita della Chiesa "$9(OLS)http://semarc/title/417364 LEADER 00705nam a2200169 i 4500 001 000000031032 003 CaOOAMICUS 005 20180830125449.0 008 180830s1846 fr u000 u und u 040 $aSeMil$bita 100 1 $aProudhon, Pierre-Joseph,$d<1809-1865>.$0(OLS)http://semarc/name/5179 245 10$aSystème des contradictions économiques, ou Philosophie de la misère /$cpar P.-J. Proudhon. 260 $aParis :$bGuillaumin et Cie,$c1846. 300 $a2 v. ;$c22 cm. 774 0 $tTome 1.$g1$w()202440 996 $6245$aSystème des contradictions économiques, ou Philosophie de la misère$9(OLS)http://semarc/title/42240 996 $6260$aParis :$bGuillaumin et Cie$9(OLS)http://semarc/publisher/31340